| 000 | 00471nam a2200169Ia 4500 | ||
|---|---|---|---|
| 008 | 260312s9999 xx 000 0 und d | ||
| 082 | _a331.5 M797n 1964 HNA | ||
| 100 |
_aMontmollin, M. de _935295 |
||
| 245 | 0 | _aNuevas perspectivas en el estudio del trabajo. | |
| 260 | _aEditorial Troquel | ||
| 260 | _bBuenos Aires, Argentina | ||
| 260 | _c1964 | ||
| 300 | _a134p. | ||
| 500 | _aColección Humberto Nogueira Alcalá | ||
| 650 | _aTrabajo | ||
| 942 |
_2ddc _cLIBRO |
||
| 999 |
_c20112 _d20112 |
||